00410nam a2200169Ia 4500008004000000041000800040082001100048100001800059245004900077260004500126650000700171650001100178650001200189650001300201650001200214650001400226210210b1938 xxu||||| |||| 00| 0 eng d aeng a336/57 aCLAPHAM (J H) aEconomic history of modern Britain 1887-1914 aCambridgebAt the University Pressc1938 aof amodern ahistory aEconomic aBritain a1887-1914